00609nam a2200181Ia 4500008004100000041000800041082001500049100002200064245002300086250001200109260001800121300000800139365001600147700002600163906005400189999001900243952016500262230718s9999 xx 000 0 und d aeng a420.7bTHO aThorpe E.9108756 aObjective English  a5th ed. c2014bPearson a765 cRs.b475.00 aThorpe E. & Thorpe S. dO:0387420-May-2014B:62711-Apr-2014cGENRLb109.25 c336136d336136 00104070aCCEPbCCEPd2014-05-20eVaibhav Book HousefGENRLg365.75i627l0o420.7pCCEP-BK-47343r2023-07-18 00:00:00t109.25v475.00w2014-04-11yBKz047343